Veronica Mars Characters Quiz Stats

 Plays Quiz not verified by Sporcle

Challenge
Share
Tweet
Embed
Score 0/21 Timer 10:00
0 Plays Today
Seasons Characters % Correct
1-3Veronica Mars
98.9%
1-3Keith Mars
93.6%
1-3Logan Echolls
90.9%
1-2Duncan Kane
89.6%
1-3Wallace Fennel
78.5%
1Lilly Kane
68.9%
1-3Dick Casablancas
64.9%
3Piz
64.3%
3Parker
49.9%
1-3Don Lamb
47.8%
1-2Meg Manning
41.5%
Seasons Characters % Correct
1-3Cindy 'Mac' Mackenzie
39.5%
1-2Cassidy 'Beaver' Casablancas
37.4%
1-3Eli 'Weevil' Navarro
35.9%
2Jackie Cook
28.8%
1-3Leo
28.1%
2Gia Goodman
27.8%
1-3Madison Sinclair
24.9%
2Woody Goodman
24.4%
1-2Troy Vandergraff
9.7%
2Jane
4.6%

You're not logged in!

Compare scores with friends on all Sporcle quizzes.
OR
Log In

You Might Also Like...

Show Comments

Extras

Top Quizzes Today


Score Distribution

Your Account Isn't Verified!

In order to create a playlist on Sporcle, you need to verify the email address you used during registration. Go to your Sporcle Settings to finish the process.

Report this User

Report this user for behavior that violates our Community Guidelines.

Details: